| 000 | 00895cam a2200289 a 4500 | ||
|---|---|---|---|
| 001 | 53885 | ||
| 005 | 20230404125950.0 | ||
| 008 | 061127s2006 bl a 000 0 por | ||
| 010 | _a 2006450520 | ||
| 035 | _a(OCoLC)ocm79854059 | ||
| 040 |
_aDLC _cDLC |
||
| 020 | _a8520919235 | ||
| 020 | _a9788520919231 | ||
| 043 | _as-bl--- | ||
| 050 | 1 | 4 |
_a103 F 2659 _bK15n 2006 |
| 100 | 1 | _aKamel, Ali. | |
| 245 | 1 | 0 |
_aNao somos racistas : _buma reaco aos que querem nos transformar numa nacao bicolor / _cAli Kamel. |
| 246 | 3 | 0 | _aSomos racistas |
| 260 |
_aRio de Janeiro, RJ, Brasil : _bEditora Nova Fronteira, _c[2006] |
||
| 300 |
_a143 p. : _bill. ; _c21 cm. |
||
| 651 | 0 |
_aBrazil _xRace relations. |
|
| 650 | 0 |
_aBlacks _zBrazil _xRace identity. |
|
| 650 | 0 |
_aRace discrimination _xLaw and legislation _zBrazil. |
|
| 650 | 0 |
_aRacism _zBrazil _xHistory. |
|
| 942 |
_2lcc _cbk |
||
| 994 |
_aC0 _bDRFGD |
||
| 999 |
_c8253 _d8253 |
||